Galbraith's building and land management law for students (Record no. 104383)
[ view plain ]
| 000 -LEADER | |
|---|---|
| fixed length control field | 01500cam a2200481 4500 |
| 001 - CONTROL NUMBER | |
| control field | L130183 |
| 008 - FIXED-LENGTH DATA ELEMENTS--GENERAL INFORMATION | |
| fixed length control field | 050630n2005 000 0 eng u |
| 020 ## - INTERNATIONAL STANDARD BOOK NUMBER | |
| International Standard Book Number | 0750662239 |
| 035 ## - SYSTEM CONTROL NUMBER | |
| System control number | (Sirsi) u130183 |
| 041 ## - LANGUAGE CODE | |
| Language code of text/sound track or separate title | eng |
| 100 ## - MAIN ENTRY--PERSONAL NAME | |
| Personal name | Galbraith, Anne |
| 245 ## - TITLE STATEMENT | |
| Title | Galbraith's building and land management law for students |
| 250 ## - EDITION STATEMENT | |
| Edition statement | 5th ed. |
| 260 ## - PUBLICATION, DISTRIBUTION, ETC. | |
| Place of publication, distribution, etc. | Oxford |
| Name of publisher, distributor, etc. | Elsevier Butterworth-Heinemann |
| Date of publication, distribution, etc. | 2005 |
| 300 ## - PHYSICAL DESCRIPTION | |
| Extent | xxi, 404p |
| Dimensions | 24cm. |
| 350 ## - PRICE (NR) (BK AM CF MU VM SE) [OBSOLETE] | |
| Price | 24.99 |
| 505 ## - FORMATTED CONTENTS NOTE | |
| Formatted contents note | Settlement of disputes |
| 505 ## - FORMATTED CONTENTS NOTE | |
| Formatted contents note | Central and local government |
| 505 ## - FORMATTED CONTENTS NOTE | |
| Formatted contents note | Business organisations |
| 505 ## - FORMATTED CONTENTS NOTE | |
| Formatted contents note | The law of contract |
| 505 ## - FORMATTED CONTENTS NOTE | |
| Formatted contents note | Special contracts |
| 505 ## - FORMATTED CONTENTS NOTE | |
| Formatted contents note | Special contracts - building contracts |
| 505 ## - FORMATTED CONTENTS NOTE | |
| Formatted contents note | Employment law |
| 505 ## - FORMATTED CONTENTS NOTE | |
| Formatted contents note | The law of tort |
| 505 ## - FORMATTED CONTENTS NOTE | |
| Formatted contents note | Health and safety |
| 505 ## - FORMATTED CONTENTS NOTE | |
| Formatted contents note | Land law |
| 505 ## - FORMATTED CONTENTS NOTE | |
| Formatted contents note | Landlord and tenant |
| 505 ## - FORMATTED CONTENTS NOTE | |
| Formatted contents note | Planning law |
| 505 ## - FORMATTED CONTENTS NOTE | |
| Formatted contents note | Highways |
| 505 ## - FORMATTED CONTENTS NOTE | |
| Formatted contents note | Building regulations |
| 520 ## - SUMMARY, ETC. | |
| Summary, etc. | Fully updated to take into account all the changes in the law since 1998, including amendments to the Health and Safety Acts, introduction of new EU laws, and changes to the Building Regulations. |
| 590 ## - LOCAL NOTE (RLIN) | |
| Local note | IKA020805 |
| 690 ## - LOCAL SUBJECT ADDED ENTRY--TOPICAL TERM (OCLC, RLIN) | |
| Topical term or geographic name as entry element | Construction management |
| 9 (RLIN) | 6230 |
| 700 ## - ADDED ENTRY--PERSONAL NAME | |
| Personal name | Stockdale, Michael |
| 700 ## - ADDED ENTRY--PERSONAL NAME | |
| Personal name | Wilson, Stephen |
| 700 ## - ADDED ENTRY--PERSONAL NAME | |
| Personal name | Mitchell, Rebecca |
| 700 ## - ADDED ENTRY--PERSONAL NAME | |
| Personal name | Spurgeon, Simon |
| 700 ## - ADDED ENTRY--PERSONAL NAME | |
| Personal name | Woodley, Mick |
| 700 ## - ADDED ENTRY--PERSONAL NAME | |
| Personal name | Hewitson, Russell |
| 700 ## - ADDED ENTRY--PERSONAL NAME | |
| Personal name | Davenport, Alan |
| 942 ## - ADDED ENTRY ELEMENTS (KOHA) | |
| Suppress in OPAC | 0 |
| Withdrawn status | Lost status | Source of classification or shelving scheme | Damaged status | Not for loan | Home library | Current library | Shelving location | Date acquired | Cost, normal purchase price | Total Checkouts | Full call number | Barcode | Date last seen | Date last checked out | Copy number | Cost, replacement price | Price effective from | Koha item type |
|---|---|---|---|---|---|---|---|---|---|---|---|---|---|---|---|---|---|---|
| Dewey Decimal Classification | London | London | Books | 22/07/2005 | 21.24 | 16 | 690.026 GAL | 30063473 | 06/08/2019 | 13/08/2009 | 1 | 21.24 | 06/08/2019 | Book |